[Event "Chargers-Royals play"]
[Site "?"]
[Date "1998.??.??"]
[Round "1"]
[White "Stamm"]
[Black "Stinson"]
[Result "0-1"]
[WhiteElo "1620"]
[BlackElo "1890"]
[PlyCount "126"]
[EventDate "1998.??.??"]

1. d4 Nf6 2. c4 e6 3. a3 c5 4. Nf3 b6 5. Nc3 d6 6. e4 cxd4 7. Nxd4 Bb7 8. Bd3
Nbd7 9. O-O Be7 10. Re1 O-O 11. Bd2 Rc8 12. Rc1 Ne5 13. Bb1 Nxc4 14. Rc2 Qd7
15. Nf3 Rfd8 16. Bc1 h6 17. b3 Na5 18. Ba2 d5 19. e5 Ne4 20. Nb1 Bc5 21. Be3
Bxe3 22. Rxe3 Rxc2 23. Qxc2 Rc8 24. Qe2 Rc1+ 25. Ne1 Qc6 26. f3 d4 27. Rxe4 d3
28. Qxd3 Qc5+ 29. Rd4 Rxe1+ 30. Kf2 Rxb1 31. Bxb1 Nc6 32. Qh7+ Kf8 33. Qh8+ Ke7
34. Qxg7 Qxd4+ 35. Kf1 Ba6+ 36. Ke1 Qxe5+ 37. Qxe5 Nxe5 38. Kd2 Kd6 39. Ke3 f6
40. h3 Bf1 41. Kf2 Bd3 42. Ba2 b5 43. f4 Ng6 44. g3 Ne7 45. Ke3 Bf1 46. h4 Nf5+
47. Kf2 Bd3 48. b4 Bc2 49. Kg2 Ne3+ 50. Kf2 Nc4 51. Bxc4 bxc4 52. Ke2 Kd5 53.
Kd2 Bb3 54. Kc3 Ke4 55. b5 Kd5 56. Kb4 e5 57. a4 e4 58. a5 e3 59. Kc3 e2 60.
Kd2 Bd1 61. b6 axb6 62. axb6 Kc6 63. g4 c3+ 0-1

[Event "Chargers-Royals play"]
[Site "?"]
[Date "1998.??.??"]
[Round "1"]
[White "Thomas"]
[Black "Dobrovolny"]
[Result "1/2-1/2"]
[WhiteElo "1605"]
[BlackElo "1795"]
[PlyCount "98"]
[EventDate "1998.??.??"]

1. e4 c5 2. Nf3 d6 3. d4 cxd4 4. Nxd4 Nf6 5. Nc3 a6 6. Bc4 Qc7 7. Bb3 e6 8. O-O
Be7 9. Nf3 b5 10. a3 O-O 11. Qe2 Nc6 12. h3 Bb7 13. Bf4 Rac8 14. e5 dxe5 15.
Bxe5 Nxe5 16. Qxe5 Bd6 17. Qe2 Bxf3 18. Qxf3 Be5 19. Nd1 Rfd8 20. c3 Rd2 21. g3
Rcd8 22. Rb1 Qc5 23. Qe3 Qxe3 24. Nxe3 Bc7 25. Rfd1 Bb6 26. Kf1 Ne4 27. Ke1
Bxe3 28. fxe3 Rxd1+ 29. Rxd1 Rxd1+ 30. Bxd1 Nxg3 31. Bf3 Nf5 32. Ke2 Nd6 33. b3
e5 34. Bd5 Kf8 35. c4 bxc4 36. bxc4 a5 37. a4 Nc8 38. Bc6 Ke7 39. Kd3 Kd6 40.
Bd5 f6 41. Bg8 h6 42. Bf7 Kd7 43. c5 Na7 44. Kc4 Ke7 45. Bg8 Kd7 46. Kd5 Nc6
47. Kc4 Na7 48. Kd5 Nc6 49. Kc4 Na7 1/2-1/2

[Event "Chargers-Motorola play"]
[Site "?"]
[Date "1998.??.??"]
[Round "2"]
[White "Warren"]
[Black "Wolf"]
[Result "0-1"]
[WhiteElo "2115"]
[BlackElo "2310"]
[PlyCount "38"]
[EventDate "1998.??.??"]

1. d4 g6 2. c4 Bg7 3. Nc3 d6 4. e4 Nc6 5. Be3 Nf6 6. Be2 O-O 7. h3 e5 8. d5 Ne7
9. Qd2 c6 10. Bh6 cxd5 11. cxd5 Bd7 12. Bxg7 Kxg7 13. O-O-O b5 14. b4 a5 15. a3
axb4 16. axb4 Qb6 17. f3 Rfc8 18. Kb1 Qa7 19. Na2 Nexd5 0-1

[Event "Motorola-Chargers play"]
[Site "?"]
[Date "1998.??.??"]
[Round "2"]
[White "Hasan"]
[Black "Marcowka"]
[Result "0-1"]
[WhiteElo "2230"]
[BlackElo "1965"]
[PlyCount "92"]
[EventDate "1998.??.??"]

1. e4 e6 2. Nf3 a6 3. c4 c5 4. Nc3 d6 5. Be2 Nf6 6. O-O Be7 7. d4 O-O 8. d5 e5
9. h3 Ne8 10. Nh2 Bg5 11. Bg4 Bd7 12. f4 Bxf4 13. Bxf4 exf4 14. Rxf4 b5 15.
Bxd7 Qxd7 16. Qd3 Ra7 17. cxb5 axb5 18. Nxb5 Ra4 19. b3 c4 20. bxc4 Na6 21. Ng4
Nc5 22. Qc3 Qe7 23. Nh6+ Kh8 24. Raf1 f6 25. Nf5 Qd7 26. Qc2 Rg8 27. Nfd4 Ra6
28. Nb3 Qc8 29. Kh1 Nd7 30. R4f2 Ne5 31. c5 dxc5 32. Qxc5 Qb8 33. Rd2 Nd7 34.
Qc4 Nd6 35. Nxd6 Qxd6 36. Nd4 g5 37. Ne6 g4 38. Qc3 Ra3 39. Qc7 Qxc7 40. Nxc7
gxh3 41. Rff2 Nc5 42. gxh3 Nxe4 43. Rg2 Nxd2 44. Rxd2 Rxh3+ 45. Rh2 Rd3 46. Rb2
Rc8 0-1

[Event "Chargers-Motorola play"]
[Site "?"]
[Date "1998.??.??"]
[Round "2"]
[White "Radavicius"]
[Black "Morris"]
[Result "0-1"]
[WhiteElo "1620"]
[BlackElo "2135"]
[PlyCount "54"]
[EventDate "1998.??.??"]

1. e4 e5 2. Bc4 Nf6 3. d3 Bc5 4. h3 d5 5. exd5 Nxd5 6. Nf3 Nc6 7. O-O O-O 8. a3
Kh8 9. Bg5 f6 10. Bh4 Nde7 11. Bg3 Nf5 12. Bh2 Qe8 13. Nc3 Be6 14. Bxe6 Qxe6
15. Ne4 Bb6 16. Kh1 Rad8 17. Ng3 Ncd4 18. c3 Nxg3+ 19. Bxg3 Nf5 20. Qe2 Rfe8
21. Ne1 Qd5 22. Qe4 Qxe4 23. dxe4 Nd6 24. Nc2 Nxe4 25. Rad1 Bxf2 26. Rxd8 Nxg3+
27. Kh2 Nxf1+ 0-1

[Event "CCDOC-Chargers"]
[Site "?"]
[Date "1998.10.15"]
[Round "?"]
[White "Alexander"]
[Black "Warren, Jim"]
[Result "0-1"]
[WhiteElo "1768"]
[BlackElo "2120"]
[PlyCount "50"]
[EventDate "1998.??.??"]

1. d4 Nf6 2. c4 e6 3. Nc3 Bb4 4. Bg5 h6 5. Bxf6 Qxf6 6. Nf3 c5 7. e3 Nc6 8. Be2
O-O 9. O-O Bxc3 10. bxc3 d6 11. Qc2 e5 12. d5 Ne7 13. e4 Ng6 14. Ne1 Qg5 15. f3
f5 16. Rf2 Nf4 17. Kf1 Nh5 18. Rb1 b6 19. g3 fxe4 20. fxe4 Bh3+ 21. Ng2 { }
21... Nxg3+ 22. hxg3 Qxg3 23. Rxf8+ 23... Rxf8+ { } 24. Bf3 Rxf3+ 25. Kg1 Rxc3
0-1

[Event "Chargers-CCDOC"]
[Site "?"]
[Date "1998.10.15"]
[Round "?"]
[White "Marcowka, R"]
[Black "Seaton, Ed"]
[Result "1-0"]
[WhiteElo "2007"]
[BlackElo "1732"]
[PlyCount "69"]
[EventDate "1998.??.??"]

1. e4 b6 2. Bc4 e6 3. Bb3 Bb7 4. d3 Nc6 5. c3 d5 6. exd5 exd5 7. Qe2+ Nce7 8.
Nf3 h6 9. O-O Nf6 10. Re1 Qd6 11. Ne5 Qe6 12. Nd2 Nd7 13. Ba4 c6 14. Nxd7 Qxd7
15. Nf3 b5 16. Bb3 c5 17. a4 c4 18. Bc2 Bc6 19. Ne5 Qe6 20. Nxc6 Qxc6 21. axb5
Qe6 22. Bf4 g5 23. Bc7 Kd7 24. b6 {  Ra8 is loose} 24... axb6 25. Rxa8 Qxe2 26.
Rxe2 26... Kxc7 { } 27. Rxe7+ Bxe7 28. Rxh8 Bc5 29. d4 Bd6 30. Ba4 g4 31. g3 f5
32. Rxh6 32... f4 { } 33. Rxd6 Kxd6 34. f3 fxg3 35. hxg3 1-0

[Event "CCDOC-Chargers"]
[Site "?"]
[Date "1998.10.15"]
[Round "?"]
[White "Sandefur, Brad"]
[Black "Dobr, Karl"]
[Result "0-1"]
[WhiteElo "1288"]
[BlackElo "1470"]
[PlyCount "54"]
[EventDate "1998.??.??"]

1. e4 c5 2. Nf3 Nc6 3. c3 d6 4. Bc4 Nf6 5. Qa4 Bd7 6. Qb3 e6 7. d3 Na5 8. Qd1
Nxc4 9. dxc4 Nxe4 10. Ng5 Nxg5 11. Bxg5 Qxg5 12. O-O Bc6 13. f3 Be7 14. Nd2 O-O
15. Qe2 Bd7 16. Rae1 Rad8 17. b4 b6 18. b5 Bc8 19. a4 Bb7 20. Ra1 Bf6 21. Qd3
d5 22. Rfd1 dxc4 23. Qe2 Bxc3 24. Nxc4 Bd5 25. Ne3 Bd4 26. f4 Bxe3+ 27. Qxe3
Qxg2# 0-1

[Event "CASE-Pawns"]
[Site "?"]
[Date "1998.10.19"]
[Round "?"]
[White "Satterlee"]
[Black "Mikulecky"]
[Result "1-0"]
[WhiteElo "1577"]
[BlackElo "1453"]
[PlyCount "71"]
[EventDate "1998.??.??"]

1. f4 d5 2. e3 Nc6 3. Nf3 Nf6 4. Bb5 Bd7 5. a4 a6 6. Bxc6 bxc6 7. O-O Bg4 8.
Qe1 Bxf3 9. Rxf3 e6 10. b3 Be7 11. Bb2 O-O 12. d3 c5 13. Nd2 d4 14. h3 dxe3 15.
Qxe3 Qd7 16. Nc4 Qd5 17. Re1 g6 18. Be5 Bd8 19. Qd2 Nd7 20. Bb2 Bf6 21. Ne5
Nxe5 22. fxe5 Be7 23. Ref1 Qd7 24. Qf2 Qe8 25. Bc1 g5 26. Qg3 h6 27. h4 Kh7 28.
hxg5 h5 29. Qh4 f6 30. gxf6 Bxf6 31. Rxf6 Rxf6 32. Rxf6 Kh8 33. Rh6+ Kg8 34.
Qg5+ Kf7 35. Rh7+ Kf8 36. Qg7# 1-0

[Event "CASE-Pawns"]
[Site "?"]
[Date "1998.10.19"]
[Round "?"]
[White "Kale, S"]
[Black "Ellice, Wayne"]
[Result "0-1"]
[WhiteElo "1828"]
[BlackElo "1950"]
[PlyCount "22"]
[EventDate "1998.??.??"]

1. d4 d5 2. c4 e6 3. g3 c5 4. Nf3 Nf6 5. Bg5 dxc4 6. Qa4+ Bd7 7. Qxc4 Na6 8.
Bg2 cxd4 9. Nxd4 Rc8 10. Qd3 10... Qa5+ { } 11. Bd2 $4 11... Rc1# 0-1

[Event "Excaliburs-Kemper"]
[Site "?"]
[Date "1998.10.27"]
[Round "?"]
[White "Suerth, Frank"]
[Black "Olsen, Art"]
[Result "1/2-1/2"]
[WhiteElo "1603"]
[BlackElo "1525"]
[PlyCount "115"]
[EventDate "1998.??.??"]

1. e4 e5 2. Nf3 Nc6 3. d4 exd4 4. Nxd4 Qf6 5. Be3 Bc5 6. c3 Nge7 7. g3 O-O 8.
Nxc6 Bxe3 9. Nxe7+ Qxe7 10. fxe3 Qxe4 11. Rg1 Qxe3+ 12. Qe2 Qxg1 13. Nd2 d6 14.
O-O-O Qb6 15. Qe4 Be6 16. Bd3 g6 17. b3 Rfe8 18. Qf4 Qa5 19. Kb2 Qh5 20. g4
Qxg4 21. Qf1 c5 22. Ne4 Qh4 23. Nf6+ Kg7 24. Nxe8+ Rxe8 25. Rd2 d5 26. Qe2 Qg5
27. Qe5+ Kg8 28. Qc7 Qf6 29. Re2 Qe7 30. Qe5 Qd8 31. Bb5 Rf8 32. Rd2 a6 33. Bf1
Re8 34. Bg2 Qb8 35. Qe3 Qc8 36. Re2 Bd7 37. Qd2 Rxe2 38. Qxe2 Qe8 39. Qd2 d4
40. Bxb7 dxc3+ 41. Qxc3 Qe2+ 42. Ka3 Qg4 43. Bd5 Be6 44. Bxe6 Qb4+ 45. Qxb4
cxb4+ 46. Kxb4 fxe6 47. Kc5 Kf7 48. Kd4 Kf6 49. Ke4 h5 50. b4 e5 51. a4 Ke7 52.
Kxe5 Kd7 53. b5 axb5 54. axb5 g5 55. Kf5 {
Drawn??  Black can't save both sides of the board!} 55... Kd6 {
To win, White just needs to keep the opponent King off h8.} (55... g4 56. Kg5
Kd6 57. Kxh5 Kc5 58. Kxg4 Kxb5 59. Kf5 Kc6 60. Ke6 $18) 56. Kxg5 Kc5 57. Kxh5
Kxb5 58. Kg6 {is an obvious win} 1/2-1/2

[Event "Excaliburs-Kemper"]
[Site "?"]
[Date "1998.10.27"]
[Round "?"]
[White "Sullivan, Jim"]
[Black "Siwek, Mark"]
[Result "1/2-1/2"]
[WhiteElo "1906"]
[BlackElo "2061"]
[PlyCount "71"]
[EventDate "1998.??.??"]

1. d4 d5 2. c4 e6 3. Nf3 Nf6 4. e3 Be7 5. Bd3 O-O 6. O-O c5 7. Nc3 Nc6 8. Re1
Re8 9. a3 h6 10. dxc5 dxc4 11. Bxc4 Bxc5 12. b4 Bd6 13. Qb3 Ne5 14. Nxe5 Bxe5
15. f4 Bxc3 16. Qxc3 Qc7 17. Bb2 b6 18. Rac1 Bb7 19. Bb5 Qxc3 20. Bxc3 Red8 21.
Bxf6 gxf6 22. Rc7 Be4 23. Bd7 a5 24. b5 Rab8 25. Rec1 Rb7 26. Rxb7 Bxb7 27. Rc7
Be4 28. Kf2 Rb8 29. h4 f5 30. g3 Bd5 31. Ke2 Kg7 32. Kd3 Kf6 33. Rc8 Rxc8 34.
Bxc8 Ke7 35. Kd4 Kd6 36. Ba6 1/2-1/2

[Event "Excaliburs-Kemper"]
[Site "?"]
[Date "1998.10.27"]
[Round "?"]
[White "Brotsos, Jim"]
[Black "Cummuta, Phil"]
[Result "1-0"]
[WhiteElo "1555"]
[BlackElo "1503"]
[PlyCount "63"]
[EventDate "1998.??.??"]

1. e4 d5 2. exd5 a6 3. d4 c6 4. dxc6 Nxc6 5. Nf3 Nf6 6. Bc4 Bg4 7. Be3 Nd5 8.
O-O Nxe3 9. fxe3 e6 10. c3 b5 11. Bb3 Na5 12. Bc2 Nc4 13. Qc1 Rc8 14. b3 Nb6
15. Bd3 g6 16. Nbd2 Nd5 17. Ne5 f5 18. c4 Qg5 19. Ndf3 Bxf3 20. Rxf3 Bh6 21.
Rg3 Qxe3+ 22. Rxe3 Bxe3+ 23. Qxe3 Nxe3 24. Re1 bxc4 25. bxc4 Ng4 26. Nxg4 fxg4
27. Rxe6+ Kd7 28. Rxa6 Ra8 29. c5 Rxa6 30. Bxa6 Ra8 31. Bc4 Ra4 32. Bb5+ 1-0

[Event "UOP-Northrup"]
[Site "?"]
[Date "1998.10.22"]
[Round "?"]
[White "Boldingh, Edwin"]
[Black "Walker, Arnold"]
[Result "0-1"]
[WhiteElo "1901"]
[BlackElo "1667"]
[PlyCount "68"]
[EventDate "1998.??.??"]

1. e4 e6 2. d4 c5 3. c3 b6 4. Bf4 d6 5. Nf3 Nf6 6. Nbd2 Bb7 7. Bd3 Nbd7 8. O-O
Qc7 9. Rc1 g6 10. Re1 Nh5 11. Bg5 f6 12. Bh4 O-O-O 13. b4 {
Opposite castling and both sides are fully stocked! Are you ready to rumble?}
13... Nf4 {Black has an attacking advantage since his Kside pawn moves will
hit Bh4 and Nf3, gaining tempi.} (13... g5 14. Bg3 Be7 15. bxc5 Nxg3 16. hxg3
g4 17. Nh2 17... h5 { Black attack grows while keeping center open}) 14. Bf1 e5
15. d5 Be7 16. a4 g5 17. Bg3 h5 18. h4 g4 19. Nh2 { } 19... f5 $3 {I love this
move! Black undermines White center and points all his ammo at the King!} 20.
Bxf4 exf4 21. exf5 Bxh4 22. Ne4 22... Nf6 { Black is making great progress!}
23. g3 Nxe4 24. Rxe4 fxg3 25. fxg3 Bxg3 26. Qd3 Be5 27. Rce1 { } 27... Rhf8 28.
bxc5 Qxc5+ 29. Kh1 Qxd5 30. Qc2 Rxf5 31. Bg2 31... Qf7 { White flagged.} 32.
R4e2 32... g3 {wins a piece} 33. Bxb7+ (33. Nf1 $4 33... Rxf1+ 34. Rxf1 Qxf1#)
33... Qxb7+ 34. Kg1 34... gxh2+ {An upset Black should be proud to own.} 0-1

[Event "Northrup-UOP"]
[Site "?"]
[Date "1998.10.22"]
[Round "?"]
[White "Vigants, A"]
[Black "Lechnick, J"]
[Result "1-0"]
[WhiteElo "1583"]
[BlackElo "1833"]
[PlyCount "77"]
[EventDate "1998.??.??"]

1. d4 d5 2. e3 e6 3. Bd3 Bd6 4. c3 Nf6 5. f4 { } 5... c6 {This is not
necessary, Black ends up cramped. c5 attacks center and leaves c6 for the
Knight.} 6. Nd2 Nbd7 7. Ngf3 Bc7 8. O-O Qe7 9. Ne5 Nxe5 10. fxe5 Ng8 11. Qg4 { 
} 11... g6 12. Nf3 Bd7 13. e4 O-O-O 14. Bg5 { The first payoff} 14... f6 15.
exf6 Qf7 16. e5 h6 17. Qh4 17... h5 { There aren't any open lines,and White
has a grip on the whole board. The only counterplay is still -c5, but Black's
pieces aren't placed to use the results} 18. Bd2 Nh6 19. Bxh6 Rxh6 20. Ng5 {
This just isn't Black's night!} 20... Qg8 21. b4 b6 22. Rf3 Qf8 23. a3 23... c5
{too little, too late} 24. Re3 cxd4 25. cxd4 Kb8 26. Rf3 {
Black valiantly tries to open lines, unfortunately around his own King...}
26... a5 27. bxa5 bxa5 28. Qf4 Bb6 29. Rb1 Ka7 30. Kh1 Rc8 31. h4 31... Rc3 { }
32. a4 Ra3 33. Bb5 Rxf3 34. Nxf3 Bxb5 35. axb5 35... Rh7 { } 36. Ng5 Rd7 37.
Nxe6 Qe8 38. Ng5 Rc7 39. f7 {  Sometimes you can ignore the opponent's King!}
1-0

[Event "UOP-Northrup"]
[Site "?"]
[Date "1998.10.22"]
[Round "?"]
[White "Sacks, David"]
[Black "Elek, Gabor"]
[Result "1-0"]
[WhiteElo "1794"]
[BlackElo "1099"]
[PlyCount "105"]
[EventDate "1998.??.??"]

{White gets a quick start and never slows down.} 1. Nf3 1... Nf6 2. g3 d5 3. d4
g6 4. Bg2 Bg7 5. O-O e6 6. c4 c6 7. b3 O-O 8. Bg5 { } 8... Qc7 9. Nc3 c5 10.
Nb5 Qb6 11. Bf4 { } 11... Nbd7 (11... Na6 {defends c7 and c5, freeing Queen})
12. Bc7 12... Qc6 { } 13. Ne5 Nxe5 14. Bxe5 a6 15. Nc7 Ra7 16. cxd5 exd5 17.
Bxf6 { } 17... Bxf6 (17... Qxc7 18. Bxg7 Kxg7 19. Bxd5 {also loses a Pawn}
19... Rd8 (19... cxd4 20. Qxd4+ {forks}) 20. e4) 18. Nxd5 {threat: Ne7+
winning Queen. But Queen also needs to protect c-pawn and Bf6; she's
overloaded!} 18... Qd6 19. Nxf6+ Qxf6 20. dxc5 b6 21. cxb6 21... Qxb6 {
White is 2Ps up with no weaknesses} 22. Rc1 Be6 23. Rc6 Qa5 24. Qc2 Bf5 25. Qc5
Qxc5 26. Rxc5 Bd7 27. Rfc1 27... Bb5 { } 28. e3 Rd7 29. Bc6 Rd2 30. Bxb5 axb5
31. R1c2 Rd1+ 32. Kg2 Rb8 33. Rc8+ Rxc8 34. Rxc8+ Kg7 35. Rc5 Ra1 36. Rxb5
36... Rxa2 { } 37. b4 Rb2 38. Rb8 Kf6 39. b5 Kg7 40. b6 40... Kf6 { } 41. g4
Kg7 42. Kg3 Kf6 43. f4 Kg7 44. h4 h6 45. Kf3 Rb4 46. b7 { } 46... Kh7 47. Ke2
Kg7 48. Kd3 Kf6 49. Kc3 Rb1 50. Kd4 { } 50... Ke6 51. Re8+ Kd7 52. b8=Q Rxb8
53. Rxb8 1-0

[Event "UOP"]
[Site "?"]
[Date "1998.10.22"]
[Round "?"]
[White "Van Zile, Charlie"]
[Black "Allen, Bob"]
[Result "1-0"]
[WhiteElo "1343"]
[BlackElo "1215"]
[PlyCount "123"]
[EventDate "1998.??.??"]

1. e4 e5 2. Nf3 Nc6 3. Bc4 Nh6 4. c3 Bc5 5. d4 Qe7 6. dxc5 Qxc5 7. Bb3 Ng4 8.
O-O d6 9. h3 Nf6 10. Be3 Qb5 11. Na3 Qa6 12. Bc4 b5 13. Bxb5 Qb7 14. Qa4 Bd7
15. Qc2 O-O 16. Rad1 a6 17. Bc4 Na5 18. Bd5 c6 19. Bb3 Qc7 20. Nc4 Nb7 21. Rd2
c5 22. Rfd1 Ne8 23. Ncxe5 Nf6 24. Nxf7 Na5 25. Nxd6+ Nxb3 26. Qxb3+ c4 27. Nxc4
Rfb8 28. Nb6+ Kh8 29. Ng5 Be8 30. Qe6 h6 31. Nxa8 Rxa8 32. Nf3 Bf7 33. Qd6 Qxd6
34. Rxd6 Re8 35. e5 Nh5 36. g4 Kh7 37. gxh5 Bxh5 38. e6 Bxf3 39. R1d4 Be2 40.
Rd2 Bb5 41. R2d4 Be2 42. a3 Bh5 43. b4 Be2 44. a4 Bb5 45. Rd2 Bxa4 46. Rxa6 Bb3
47. Rdd6 Bc4 48. Bf4 Bxa6 49. Rxa6 g5 50. Be3 Kg6 51. Bc5 h5 52. e7+ Kf5 53.
Rd6 g4 54. h4 Kf4 55. Kg2 Rxe7 56. Rf6+ Ke4 57. Bxe7 Kd3 58. b5 Kxc3 59. b6 Kd4
60. b7 Kd5 61. b8=Q g3 62. Qd8+ 1-0

[Event "Pawns-CCDOC"]
[Site "?"]
[Date "1998.11.??"]
[Round "?"]
[White "O'Dell, David"]
[Black "Seaton, Ed"]
[Result "0-1"]
[WhiteElo "1483"]
[BlackElo "1715"]
[PlyCount "100"]
[EventDate "1998.??.??"]

1. e4 e5 2. Nf3 Nc6 3. Bc4 h6 4. O-O Nf6 5. Nc3 Bc5 6. h3 Qe7 7. d3 a6 8. a3
Nd4 9. Nd5 Nxd5 10. Bxd5 Qf6 11. Nxd4 Bxd4 12. Qe2 d6 13. c3 Bc5 14. b4 Bb6 15.
Be3 { } 15... Ba7 16. Bb3 c5 17. f4 O-O 18. f5 cxb4 19. axb4 Bxe3+ 20. Qxe3 { }
20... b5 21. Bd5 Rb8 22. Qa7 Bb7 23. Bxb7 {
White seems to have won a piece, but...} 23... Qe7 24. Qf2 (24. Rxa6 Rxb7 25.
Qe3 {threatening f6 to open up Blacks King} 25... f6 26. Rfa1) 24... Qxb7 25.
Qg3 f6 26. Qe3 26... Qb6 { } 27. Rf3 Rfc8 28. Rc1 28... a5 { } 29. bxa5 29...
Qxa5 {breaking the pin. White could play Kh2 and then build attack} 30. Rg3 Qb6
31. Kh2 Qxe3 32. Rxe3 { Rc1 is loose, so...} 32... b4 33. c4 Rc7 34. Re2 34...
Ra7 { } 35. Rb1 Kf7 36. Reb2 Ra4 37. Kg3 Ke7 38. Kf3 Kd7 39. Ke3 Kc6 40. h4
40... Kc5 { } 41. Rb3 Ra2 42. R1b2 Rxb2 43. Rxb2 b3 44. Kd2 Kb4 45. g3 { }
45... Ra8 46. Kc1 Ra1+ 47. Kd2 Ra2 48. Kc1 Ra1+ 49. Kd2 Ka3 50. Kc3 Rc1+ 0-1

[Event "CCDOC-Pawns"]
[Site "?"]
[Date "1998.11.??"]
[Round "?"]
[White "Hall, A"]
[Black "Lasky, N"]
[Result "0-1"]
[WhiteElo "1521"]
[BlackElo "1368"]
[PlyCount "99"]
[EventDate "1998.??.??"]

1. f4 d5 2. d4 Bg4 3. Qd3 Nf6 4. h3 {
With f4 played, White's dark squares are seriously weak} 4... Bh5 5. Nf3 5...
Ne4 { Already threatening Ng3} 6. Ne5 e6 7. Nc3 {7.g3  stops...} 7... Qh4+ 8.
g3 Nxg3 9. Qb5+ c6 10. Qxb7 Nxh1+ 11. Kd1 Nf2+ 12. Kd2 Be7 13. Qxa8 { White has
restored the material balance, but the storm around King still rages.} 13...
O-O 14. Qb7 14... Qxf4+ { } 15. Ke1 {15. e3 is necessary to hold center
together. Also attacks Queen, and Be7 is hanging} 15... Qh4 16. Kd2 Qxd4+ 17.
Ke1 Bh4 18. Nf3 { } 18... Nh1+ {missing mate in 3} (18... Ne4+ {
covers d2 so King can't run away} 19. Nxh4 Qf2+ 20. Kd1 Qxf1#) 19. Nxh4 Qf2+
20. Kd2 Qxf1 21. Qxa7 Ng3 22. Qd4 Nxe2 23. Nxe2 Qxe2+ 24. Kc3 { } 24... Qc4+ {
allowing trade to favorable ending, but the King can still be attacked..} (
24... Na6 25. a3 (25. b3 c5 26. Qg1 (26. Qa4 $4 26... d4+ 27. Kb2 27... Qg4 {
wins N}) 26... d4+ 27. Kb2 27... Nb4 {and mates}) 25... c5 26. Qf4 d4+ 27. Kb3
27... Rb8+ { } 28. Ka2 28... Qxc2 {threatening Nb4+ and mates} 29. Rb1 Nb4+ 30.
Ka1 30... Ra8 {idea of Rxa3+ ba  Qa2 mate.} 31. Qd2 Qb3) 25. Qxc4 dxc4 26. Kxc4
26... g5 $2 27. Bxg5 { Although material even, suddenly White is better since
pieces are active and Black King exposed.} 27... f5 28. Rg1 Kf7 29. Bh6 Rd8 30.
a4 30... Be2+ { } 31. Kc3 {Kc5 with idea of Kb6-c7 or pushing a-pawn} 31... c5
32. Rg7+ Kf6 33. Rxh7 33... Nc6 { } 34. Bf4 (34. Rc7 $1 34... Nd4 (34... Rh8 $4
35. Bg7+ {wins R}) (34... Rd6 $4 35. Bf8 Rd8 36. Bg7+ {wins N} 36... Kg5 37.
Rxc6 Kxh4 38. Bf6+ {wins R}) 35. Rxc5) 34... Rd4 35. Rh6+ Kf7 36. Ng2 36...
Rxa4 { } 37. h4 Bf1 38. b3 Rd4 39. Be3 Rd5 40. Nf4 Re5 41. Kd2 Nd4 42. Bxd4
42... cxd4 { } 43. b4 Re4 44. Nd3 f4 45. b5 f3 46. b6 46... Bxd3 { } 47. b7
Re2+ (47... f2 48. b8=Q f1=Q 49. Rh7+ { Mate in 5!} 49... Kf6 (49... Kg6 50.
Qg8+ {and Qg5 mates}) 50. Qf8+ Ke5 51. Qc5+ Kf4 (51... Kf6 52. Qg5#) 52. Qg5+
Kf3 53. Rf7+ Rf4 54. Rxf4#) 48. Kd1 $2 (48. Kxd3) 48... Bxc2+ 49. Kc1 49... d3
{ } 50. Rh7+ $4 {Too bad, White flagged!!} (50. b8=Q f2 51. Qc7+ {forces mate!}
51... Kg8 52. Qd8+ Kf7 53. Rf6+ Kg7 54. Qf8+ Kh7 55. Rh6#) 0-1

[Event "CCDOC"]
[Site "?"]
[Date "1998.11.??"]
[Round "?"]
[White "Sandefur, David"]
[Black "Appleberry, Tony"]
[Result "0-1"]
[WhiteElo "1276"]
[BlackElo "1215"]
[PlyCount "104"]
[EventDate "1998.??.??"]

1. e4 e5 2. Nf3 Nc6 3. d4 Nxd4 4. Nxd4 exd4 5. Qxd4 Nf6 6. Be2 6... b6 { } 7.
Qd3 Bb7 8. Nc3 Bc5 9. f4 Qe7 10. Be3 Bxe4 11. Nxe4 Nxe4 12. Bf3 f5 13. O-O-O { 
} 13... Bxe3+ 14. Qxe3 Qe6 15. Kb1 O-O-O 16. g4 g6 17. Rhf1 Rhe8 18. Rg1 18...
Qc4 { } 19. Rge1 Qb4 20. Qd3 20... Nc5 { } 21. Qd2 $4 21... Qxd2 {
Re1 is a desparado, so...} 22. Rxe8 (22. Rxd2 Rxe1+) 22... Qxd1+ (22... Qb4 23.
Ree1 {and White is a major exchange down}) 23. Bxd1 23... Rxe8 { } 24. b3 fxg4
25. Bxg4 Ne4 26. Kb2 h5 27. Bf3 Nd2 28. Bd5 Rf8 29. Kc3 { } 29... Rxf4 30. Kxd2
Rd4+ 31. Ke3 Rxd5 32. Kf4 g5+ 33. Ke4 c6 34. c4 Rd6 35. Kf5 g4 36. Kg5 Rd2 37.
Kxh5 Rxh2+ 38. Kxg4 Rxa2 39. Kf4 Rb2 40. Ke4 Rxb3 41. Kd4 a5 42. c5 a4 43. Kc4
Rb5 44. cxb6 Rxb6 45. Kc5 Kc7 46. Kd4 a3 47. Kc4 a2 48. Kc5 a1=Q 49. Kc4 Qa4+
50. Kd3 Rb3+ 51. Kc2 Qa2+ 52. Kc1 Rb1# 0-1

[Event "CCDOC-Pawns"]
[Site "?"]
[Date "1998.11.??"]
[Round "?"]
[White "Rojo, V"]
[Black "Weisner, T"]
[Result "1-0"]
[WhiteElo "1365"]
[BlackElo "1158"]
[PlyCount "72"]
[EventDate "1998.??.??"]

1. e4 e5 2. Bc4 Nf6 3. Nf3 Nc6 4. Nc3 h6 5. d4 d6 6. dxe5 dxe5 7. Qxd8+ Kxd8 8.
Bxf7 Bb4 9. Bd2 Bxc3 10. Bxc3 Nxe4 11. Bxe5 Rf8 12. Bd5 Nxe5 13. Nxe5 Re8 14.
Bxe4 Rxe5 15. O-O-O+ Ke7 16. Bf3 c6 17. Rhe1 Kf6 18. Rxe5 Kxe5 19. Rd8 Ke6 20.
Bg4+ Ke7 21. Rxc8 Rxc8 22. Bxc8 b6 23. Kd2 Kd6 24. c4 a5 25. a3 Kc5 26. Be6 b5
27. cxb5 cxb5 28. b3 b4 29. axb4+ Kxb4 30. Ke3 a4 31. bxa4 Kxa4 32. f4 Kb5 33.
Ke4 Kc6 34. Ke5 Kc7 35. Kf5 Kd8 36. Kg6 Ke8 1-0

[Event "Dragons-Rooks"]
[Site "?"]
[Date "1998.11.??"]
[Round "?"]
[White "Ludwig, T"]
[Black "Hill, Bob"]
[Result "1-0"]
[WhiteElo "2072"]
[BlackElo "1919"]
[PlyCount "87"]
[EventDate "1998.??.??"]

1. c4 c5 2. Nc3 Nc6 3. g3 g6 4. Bg2 Bg7 5. a3 Nf6 6. Rb1 O-O 7. b4 cxb4 8. axb4
8... d6 { Black has a solid position, but where can he counterattack?} (8... a5
9. bxa5 (9. b5 9... Ne5 {and the White pawns can be attacked}) 9... Rxa5 10. d3
d6) 9. d4 a6 10. e4 Qc7 11. Nge2 { } 11... e6 12. O-O Ne7 13. Qb3 Bd7 14. c5 { 
} 14... d5 15. Bf4 Qc8 16. exd5 Nexd5 17. Nxd5 17... exd5 {
the d-pawn can't be defended} 18. Nc3 Bf5 19. Rbd1 Bg4 20. Rd2 { } 20... Re8
21. Nxd5 Nh5 22. Nb6 { } 22... Qf5 23. Nxa8 23... Nxf4 {
Black wins a Pawn due to loose Rd2, but trading reduces attacking chances.} 24.
gxf4 24... Qxf4 { } 25. Qc3 Rxa8 26. Qe3 Qf6 27. Re1 27... Bf8 { } 28. Qe5 Qh4
29. Qg3 Qh5 30. Re5 30... g5 {
Pinning Bg4, since any B move allows Rg5+ winning Q} 31. h3 f6 32. hxg4 Qg6 33.
Re1 { } 33... h5 34. gxh5 Qxh5 35. Qh3 Qg6 36. Be4 Qf7 37. Bf5 {
the final phase begins} 37... Qc7 38. Qh5 (38. Be6+ Kg7 39. Kg2 {
and Rh1 can't be stopped}) 38... Rd8 39. Qg6+ Kh8 40. Re3 Rxd4 41. Rxd4 g4 42.
Rxg4 { } 42... Qg7 43. Rh3+ Kg8 44. Be6# { } 1-0